| 000 | 00000nam##2200000za#4500 |
| 001 | 9.578876 |
| 003 | CaOODSP |
| 005 | 20210624190307 |
| 007 | cr ||||||||||| |
| 008 | 150406|1989||||xxc|||||o f|0| 0 eng|d |
| 022 | |a1488-5379 |
| 040 | |aCaOODSP|beng |
| 043 | |an-cn--- |
| 086 | 1 |aFs97-6/1713E-PDF |
| 110 | 1 |aCanada. |bDepartment of Fisheries and Oceans. |
| 245 | 10|aComputer programs for investigating the effects of environmental events on a time series of recruitment / |h[electronic resource]|cby J.M. Hoenig, M.H. Prager, and N.B. Payton. |
| 260 | |aSt. John's - Newfoundland and Labrador : |bFisheries and Oceans Canada |c1989. |
| 300 | |a50p.|breferences |
| 490 | 1 |aCanadian technical report of fisheries and aquatic sciences|x1488-5379|vNo. 1713 |
| 500 | |aOn t.p.: Science Branch, St. John's, Newfoundland. The catalogue number and ISSN for the print edition appear in the PDF version. |
| 546 | |a(Résumé en français) |
| 590 | |a14-04-Supp|b2014-02-05 |
| 720 | 1 |aHoenig, J. M. |
| 720 | 1 |aPrager, M. H. |
| 720 | 1 |aPayton, N. B. |
| 830 | #0|aCanadian technical report of fisheries and aquatic sciences,|x1488-5379|vNo. 1713|w(CaOODSP)9.504449 |
| 856 | 40|ahttp://publications.gc.ca|qPDF|s2486 KB|uhttps://publications.gc.ca/collections/collection_2014/mpo-dfo/Fs97-6-1713-eng.pdf|yNo. 1713 |